|
|
|
|
| LEADER |
00000nam0a2200000 4500 |
| 001 |
376725 |
| 005 |
20231102012836.0 |
| 035 |
|
|
|a (RuTPU)RU\TPU\retro\34165
|
| 090 |
|
|
|a 376725
|
| 100 |
|
|
|a 20221228d1978 m y0rusy50 ca
|
| 101 |
0 |
|
|a rus
|
| 102 |
|
|
|a RU
|
| 105 |
|
|
|a a j 001zy
|
| 200 |
1 |
|
|a Моделирование технологических процессов РЭА с использованием ЭВМ
|e учебное пособие
|f Г. А. Полякова, А. Г. Егоров, С. А. Лобанов
|g Рязанский радиотехнический институт
|
| 210 |
|
|
|a Рязань
|c [Б. и.]
|d 1978
|
| 215 |
|
|
|a 48 с.
|c ил.
|
| 320 |
|
|
|a Библиогр.: с. 45-47
|
| 606 |
1 |
|
|a Радиоэлектронная аппаратура
|x Математическое моделирование
|2 stltpush
|3 (RuTPU)RU\TPU\subj\23512
|9 48097
|
| 610 |
1 |
|
|a технологические процессы
|
| 610 |
1 |
|
|a формализация
|
| 610 |
1 |
|
|a модели
|
| 610 |
1 |
|
|a построение
|
| 610 |
1 |
|
|a оптимальные решения
|
| 610 |
1 |
|
|a поиск
|
| 610 |
1 |
|
|a поисковые методы
|
| 610 |
1 |
|
|a учебные пособия
|
| 675 |
|
|
|a 621.396.6.001.57(075.8)
|v 4
|
| 700 |
|
1 |
|a Полякова
|b Г. А.
|
| 701 |
|
1 |
|a Егоров
|b А. Г.
|
| 701 |
|
1 |
|a Лобанов
|b С. А.
|
| 712 |
0 |
2 |
|a Рязанский радиотехнический институт
|c (1951-1993)
|2 stltpush
|3 (RuTPU)RU\TPU\col\109
|9 23200
|
| 801 |
|
1 |
|a RU
|b 63413507
|c 20221228
|
| 942 |
|
|
|c BK
|